Zákon o dani z pridanej hodnoty s komentárom

Zákon č. 222/204 Z.z. o DPH v znení ďalších zákonov... a zákona č. 218/2014 Z.z.

Saved in:
Bibliographic Details
Main Author: Zuziková, Alena
Format: Book Chapter
Language:Slovak
Subjects:
Tags: Add Tag
No Tags, Be the first to tag this record!

MARC

LEADER 00000naa a2200000 4500
001 0196449
005 20231120104239.3
041 0 |a slo 
044 |a SK 
245 1 0 |a Zákon o dani z pridanej hodnoty s komentárom  |c Alena Zuziková 
520 |a Zákon č. 222/204 Z.z. o DPH v znení ďalších zákonov... a zákona č. 218/2014 Z.z. 
610 2 0 |a dane z hodnoty pridanej 
610 2 0 |a zákony 
610 2 0 |a komentáre 
610 2 0 |a Slovensko 
610 2 0 |a aproximácia práva 
610 2 0 |a Európska únia 
610 2 0 |a 2004-2014 
100 1 |a Zuziková, Alena